Statistics for Countries who fought in WW1 by Deaths Quiz

Click here to take the quiz!

General Stats

  • This quiz has been taken 232 times
    (216 since last reset)
  • The average score is 18 of 23

Answer Stats

HintAnswer% Correct
2,737,000German Empire
99%
1,350,000British Empire
98%
2,754,369Russian Empire
98%
117,000United States
97%
1,927,000France
96%
1,860,000Austria-Hungary
95%
1,000Japan
90%
2,325,000Ottoman Empire
90%
1,160,000Italy
88%
88,000Belgium
86%
58,639Canada
84%
61,966Australia
83%
525,000Serbia
81%
388,000Bulgaria
78%
25,000Greece
78%
550,000Romania
77%
18,052New Zealand
73%
13,000Montenegro
61%
7,121South Africa
61%
7,000Portugal
60%
64,449Raj
60%
2,800Luxembourg
43%
1,281Newfoundland
37%

Score Distribution

Percentile by Number Answered

Percent of People with Each Score

Your Score History

You have not taken this quiz since the last reset